000 00586nam a22001937a 4500
005 20170829161313.0
010 _aENG-120153
020 _c495.00
_a9789384108423
035 _aEN-103685
037 _bDBAD/PUB
082 _aN
100 _aBhaduri,Sainath
245 _aWhen sleep is a fugitive :
_bbased on the orginal Bengali novel Jagri /
_cby Sainath Bhaduri ; transleted by Anushree Ganguly
260 _aKolkata
_bLivant Books
_c2016
270 _a27C Creek Row,
_bKolkata
_e700073
300 _a199p.
_c21cm(Hb)
700 _a Ganguly,Anushree
942 _2ddc
_cEN
_hN
_mBHA
999 _c143897
_d143897